书目信息 |
| 题名: |
钢笔书法五体字典
|
|
| 作者: | 《钢笔书法五体字典》编写组 编写 | |
| 分册: | ||
| 出版信息: | 杭州 浙江教育出版社 1987 |
|
| 页数: | 368页 | |
| 开本: | 20cm | |
| 丛书名: | ||
| 单 册: | ||
| 中图分类: | J292-61 | |
| 科图分类: | ||
| 主题词: | 书法--中国 , 篆刻--中国 | |
| 电子资源: | ||
| ISBN: | 7-5338-0186-5 | |
| 000 | 00683nam0 2200205 450 | |
| 001 | 0633945179 | |
| 005 | 20061114092826.15 | |
| 010 | @a7-5338-0186-5@dCNY4.70 | |
| 100 | @a20061114d1987 km y0chiy0120 ea | |
| 101 | 0 | @achi |
| 102 | @aCN@b330000 | |
| 200 | 1 | @a钢笔书法五体字典@Agang bi shu fa wu ti zi dian@f《钢笔书法五体字典》编写组编写@F《gang bi shu fa wu ti zi dian》bian xie zu bian xie |
| 210 | @a杭州@c浙江教育出版社@d1987 | |
| 215 | @a368页@d20cm | |
| 606 | 0 | @a书法@x中国 |
| 606 | 0 | @a篆刻@x中国 |
| 690 | @aJ292-61@v3 | |
| 701 | 0 | @a《钢笔书法五体字典》编写组@A《gang bi shu fa wu ti zi dian》bian xie zu@4编写 |
| 801 | 0 | @aCN@bPFT@c20061114 |
| 905 | @a10447@dJ292-61@e147 | |
| 钢笔书法五体字典/《钢笔书法五体字典》编写组编写.-杭州:浙江教育出版社,1987 |
| 368页;20cm |
| ISBN 7-5338-0186-5:CNY4.70 |
| ● |
| 相关链接 |
|
|
|
|
正题名:钢笔书法五体字典
索取号:J292-61/147
 
预约/预借
| 序号 | 登录号 | 条形码 | 馆藏地/架位号 | 状态 | 备注 |
| 1 | 0202782 | 000794484 | 第一样本阅览室/ [索取号:J292-61/147] | 在馆 |